| 000 | 00697nam a2200205 i 4500 | ||
|---|---|---|---|
| 001 | 99115 | ||
| 003 | ES-MaACL | ||
| 005 | 20231229062544.0 | ||
| 007 | t| | ||
| 008 | 050902s1961 sp ||||1| spa d | ||
| 100 | 1 |
_aMartin Borro, Hermenegildo. _977422 |
|
| 245 | 1 | 3 |
_aLa nave encantada / _cHermenegildo Martin Borro; prólogo de Federico Carlos Sainz de Robles; ilustraciones de Jesús María Navas. |
| 260 |
_aMadrid : _bVinchés, _c1961. |
||
| 300 |
_a191 p. : _b24 cm. |
||
| 500 | _a"Con retrato del autor" | ||
| 700 | 1 |
_aSainz de Robles, Federico Carlos, _d1898-1982 _9101593 |
|
| 700 | 1 |
_aNavas, Jesús María. _985200 |
|
| 852 |
_aES-MaACL _jF-6870 _bR.48504 |
||
| 999 |
_c99115 _d99115 |
||